Southville International School and Colleges
Your cart is empty.
  • Cart
  • Lists
    Public lists list_1 View all
    Your lists Log in to create your own lists
  • Log in to your account
  • Your cookies
  • Search history
Southville International School and Colleges
  • Advanced search
  • Recent comments
  • Most popular
  • Libraries

Log in to your account

Log in with GOOGLE


If you do not have an external account, but do have a local account, you can still log in:

  1. Home
  2. MARC view: Just-right books for beginning readers :
Normal view MARC view ISBD view

Just-right books for beginning readers : (Record no. 103363)

[ view plain ]
MARC details
000 -LEADER
fixed length control field 00520nam a2200169 a 4500
005 - DATE AND TIME OF LATEST TRANSACTION
control field 20140412111300.0
008 - FIXED-LENGTH DATA ELEMENTS--GENERAL INFORMATION
fixed length control field 010327s19uu xx 00 eng d
020 ## - INTERNATIONAL STANDARD BOOK NUMBER
International Standard Book Number 0-590-49243-8
050 ## - LIBRARY OF CONGRESS CALL NUMBER
Classification number TR(GS 028.162
Item number B76 1996
100 ## - MAIN ENTRY--PERSONAL NAME
Personal name Brooks, Ellen
245 ## - TITLE STATEMENT
Title Just-right books for beginning readers :
Remainder of title leveled booklists & strategies /
Statement of responsibility, etc by Ellen Brooks.
260 ## - PUBLICATION, DISTRIBUTION, ETC. (IMPRINT)
Place of publication, distribution, etc New York :
Name of publisher, distributor, etc Scholastic Professional Books,
Date of publication, distribution, etc 1996.
300 ## - PHYSICAL DESCRIPTION
Extent 128 p.
650 ## - SUBJECT ADDED ENTRY--TOPICAL TERM
Topical term or geographic name as entry element Readers
650 ## - SUBJECT ADDED ENTRY--TOPICAL TERM
Topical term or geographic name as entry element Teachers' strategies
Holdings
Withdrawn status Lost status Damaged status Home library Current library Shelving location Date acquired Source of acquisition Cost, normal purchase price Total Checkouts Full call number Barcode Date last seen Price effective from Koha item type
      Elizalde Library Elizalde Library Teachers Reference Section 03/27/2001   775.00   TR(GS 028.162 B76 1996 E4593 04/12/2014 04/12/2014 Books

Just-right books for beginning readers :

APA

Brooks E., . (1996). Just-right books for beginning readers. New York: Scholastic Professional Books.

Chicago

Brooks Ellen, . 1996. Just-right books for beginning readers. New York: Scholastic Professional Books.

Harvard

Brooks E., . (1996). Just-right books for beginning readers. New York: Scholastic Professional Books.

MLA

Brooks Ellen, . Just-right books for beginning readers. New York: Scholastic Professional Books. 1996.

  • Place hold
  • Print
  • Cite
  • Add to your cart (remove)
  • Save record
    BIBTEX Dublin Core MARCXML MARC (non-Unicode/MARC-8) MARC (Unicode/UTF-8) MARC (Unicode/UTF-8, Standard) MODS (XML) RIS
  • More searches
    Search for this title in:
    Other Libraries (WorldCat) Other Databases (Google Scholar) Online Stores (Bookfinder.com) Open Library (openlibrary.org)

Exporting to Dublin Core...

SOUTHVILLE LIBRARY

Southville International School and Colleges Library

1281 Tropical Ave. Cor. Luxembourg St., BF Homes International, Las Pinas City

Tel. No. 8256374 / 252358 Loc. 117/146

Powered by Koha